| 000 | 00702cam a2200205 a 4500 | ||
|---|---|---|---|
| 001 | 1145136 | ||
| 005 | 20241106194220.0 | ||
| 008 | 950927s1996 ilua 001 0 eng | ||
| 020 | _a9780697202734 | ||
| 050 | 0 | 0 |
_aQA76.73.B3 _bB723 1996 |
| 082 | 0 | 0 |
_a005.26/2 _220 |
| 100 | 1 | _aBradley, Julia Case. | |
| 245 | 1 | 0 |
_aProgramming in Visual Basic, version 4.0 / _cJulia Case Bradley, Anita C. Millspaugh. |
| 260 |
_aBoston, Massacchuttes _bIrwin McGraw-Hill, _cc1996. |
||
| 300 |
_axvii, 442 p. : _bill. (some col.) ; _c28 cm. + _e1 computer disk (3 1/2 in.) |
||
| 500 | _aIncludes index. | ||
| 650 | 0 | _aBASIC (Computer program language) | |
| 700 | 1 |
_aMillspaugh, Anita C. _q(Anita C.) |
|
| 942 |
_2lcc _cBK _n0 |
||
| 999 |
_c760 _d760 |
||